[Event "Titled Tuesday intern op 22 Mar Early"]
[Site "Chess.com INT"]
[Date "2022.03.22"]
[Round "9"]
[White "Myshakov, Fyodor"]
[Black "Avazkhonov, Alikhon"]
[Result "0-1"]
[WhiteElo "2292"]
[BlackElo "1538"]
[PlyCount "88"]
[EventDate "2022.03.22"]
[EventType "swiss (blitz)"]
[EventRounds "11"]
[EventCountry "USA"]
[SourceTitle "CBM 207 Extra"]
[Source "ChessBase"]
[SourceDate "2022.05.31"]
[SourceVersion "1"]
[SourceVersionDate "2022.05.31"]
[SourceQuality "1"]

1. c4 e5 2. Nc3 d6 3. Nf3 f5 4. g3 Nf6 5. Bg2 Be7 6. 0-0 0-0 7. d3 c6 8. Rb1 a5 9. a3 Na6 10. b4 Nc7 11. b5 Ne6 12. bxc6 bxc6 13. Nd2 Bd7 14. e3 Kh8 15. Re1 Qe8 16. f4 g5 17. fxe5 dxe5 18. Nf3 Bd6 19. Bb2 g4 20. Nd2 Ng5 21. Na4 Rb8 22. c5 Bc7 23. d4 e4 24. d5 cxd5 25. c6 Bxc6 26. Qc2 Rc8 27. Nc5 Be5 28. Ndb3 a4 29. Nd4 Qe7 30. Nxf5 Qe8 31. Ba1 Bxa1 32. Rxa1 Qe5 33. Nd4 Nf3+ 34. Bxf3 gxf3 35. Nce6 Bd7 36. Nxf8 Rxc2 37. Nxc2 Bh3 38. Rab1 Ng4 39. Rec1 f2+ 40. Kh1 Qf6 41. Nd4 Qxf8 42. Rf1 Bxf1 43. Rxf1 Nxe3 44. Rxf2 Qxf2 0-1

[Event "Titled Tuesday intern op 07th Dec"]
[Site "Chess.com INT"]
[Date "2021.12.07"]
[Round "6"]
[White "Akbas, Umut Ata"]
[Black "Myshakov, Fyodor"]
[Result "0-1"]
[WhiteElo "2280"]
[BlackElo "2292"]
[PlyCount "120"]
[EventDate "2021.12.07"]
[EventType "swiss (blitz)"]
[EventRounds "11"]
[EventCountry "USA"]
[SourceTitle "CBM 205 Extra"]
[Source "ChessBase"]
[SourceDate "2022.01.31"]
[SourceVersion "1"]
[SourceVersionDate "2022.01.31"]
[SourceQuality "1"]

1. c4 c6 2. e3 d5 3. Nf3 Nf6 4. b3 Bg4 5. Bb2 e6 6. h3 Bh5 7. g4 Bg6 8. Ne5 Bd6 9. Nxg6 hxg6 10. Bg2 Qc7 11. d3 Nbd7 12. Nd2 Be5 13. d4 Bd6 14. Qe2 Bb4 15. 0-0-0 Bxd2+ 16. Qxd2 0-0-0 17. Qb4 Nb6 18. c5 Nbd7 19. Bc3 b6 20. cxb6 axb6 21. Kb1 Kb7 22. Rc1 Ra8 23. Qe7 Nb8 24. Qxc7+ Kxc7 25. f3 Nbd7 26. e4 Kb7 27. e5 Ne8 28. f4 Nc7 29. Bb2 Rh4 30. Rhf1 f5 31. exf6 gxf6 32. Rfe1 f5 33. Re2 Rah8 34. gxf5 gxf5 35. Rf1 Rg8 36. a4 Nf6 37. Bc3 Ne4 38. Be1 Rh6 39. h4 Rhg6 40. Bf3 Rg1 41. Rxg1 Rxg1 42. Kc2 Ne8 43. h5 N8f6 44. Bh4 Nxh5 45. Bxh5 Rh1 46. Bf7 Rxh4 47. Bxe6 Rxf4 48. Rh2 Ng5 49. Bg8 Rxd4 50. Rf2 f4 51. Rg2 Ne4 52. Rg7+ Kb8 53. Be6 f3 54. Bd7 f2 55. Rf7 Rd2+ 56. Kc1 Re2 57. Bh3 d4 58. Kd1 d3 59. Rf4 Nc3+ 60. Kc1 Rc2# 0-1

[Event "Titled Tuesday intern op 07th Dec"]
[Site "Chess.com INT"]
[Date "2021.12.07"]
[Round "3"]
[White "Myshakov, Fyodor"]
[Black "Komissarov, Alexey"]
[Result "1-0"]
[WhiteElo "2292"]
[BlackElo "2087"]
[PlyCount "71"]
[EventDate "2021.12.07"]
[EventType "swiss (blitz)"]
[EventRounds "11"]
[EventCountry "USA"]
[SourceTitle "CBM 205 Extra"]
[Source "ChessBase"]
[SourceDate "2022.01.31"]
[SourceVersion "1"]
[SourceVersionDate "2022.01.31"]
[SourceQuality "1"]

1. c4 Nf6 2. Nc3 g6 3. Nf3 Bg7 4. g3 0-0 5. Bg2 Nc6 6. 0-0 Rb8 7. d4 a6 8. d5 Na5 9. Qd3 c5 10. e4 d6 11. Rb1 b5 12. cxb5 c4 13. Qe3 axb5 14. a3 Nb3 15. Nd2 Ng4 16. Qe1 Ne5 17. Nxb3 cxb3 18. Be3 Nc4 19. Qe2 Nxe3 20. Qxe3 b4 21. axb4 Rxb4 22. Rfc1 Bd4 23. Qd2 Qb6 24. Nd1 Bd7 25. Ne3 Bxe3 26. Qxe3 Qxe3 27. fxe3 Rc8 28. Rxc8+ Bxc8 29. Rc1 Ba6 30. Rc3 Bb5 31. Kf2 Rc4 32. Rxc4 Bxc4 33. Ke1 e6 34. Kd2 exd5 35. exd5 f5 36. Kc3 1-0

[Event "Titled Tuesday intern op 07th Dec"]
[Site "Chess.com INT"]
[Date "2021.12.07"]
[Round "1"]
[White "Myshakov, Fyodor"]
[Black "Nikulina, Alena"]
[Result "1-0"]
[WhiteElo "2292"]
[BlackElo "1923"]
[PlyCount "47"]
[EventDate "2021.12.07"]
[EventType "swiss (blitz)"]
[EventRounds "11"]
[EventCountry "USA"]
[SourceTitle "CBM 205 Extra"]
[Source "ChessBase"]
[SourceDate "2022.01.31"]
[SourceVersion "1"]
[SourceVersionDate "2022.01.31"]
[SourceQuality "1"]

1. c4 e5 2. Nc3 Nf6 3. Nf3 Nc6 4. g3 Bc5 5. Bg2 0-0 6. 0-0 d6 7. e3 Bg4 8. d3 Re8 9. a3 a5 10. b3 Qd7 11. Bb2 Bh3 12. d4 Bxg2 13. Kxg2 exd4 14. exd4 Bb6 15. Qd3 Re7 16. Rae1 Rae8 17. Rxe7 Rxe7 18. Re1 Rxe1 19. Nxe1 Nxd4 20. b4 axb4 21. axb4 Qc6+ 22. f3 Ne6 23. Nd5 Ne8 24. Ne7+ 1-0

[Event "Titled Tuesday intern op 07th Dec"]
[Site "Chess.com INT"]
[Date "2021.12.07"]
[Round "9"]
[White "Narayanan, Srinath"]
[Black "Myshakov, Fyodor"]
[Result "0-1"]
[WhiteElo "2553"]
[BlackElo "2292"]
[PlyCount "176"]
[EventDate "2021.12.07"]
[EventType "swiss (blitz)"]
[EventRounds "11"]
[EventCountry "USA"]
[SourceTitle "CBM 205 Extra"]
[Source "ChessBase"]
[SourceDate "2022.01.31"]
[SourceVersion "1"]
[SourceVersionDate "2022.01.31"]
[SourceQuality "1"]

1. Nf3 d5 2. c4 c6 3. d4 Nf6 4. e3 Bg4 5. Nc3 e6 6. h3 Bh5 7. Bd3 dxc4 8. Bxc4 Be7 9. Be2 0-0 10. 0-0 Nbd7 11. e4 Nb6 12. Bf4 c5 13. Re1 Bxf3 14. Bxf3 Qxd4 15. Qxd4 cxd4 16. Nb5 Rfd8 17. Red1 d3 18. Rac1 Ne8 19. e5 a6 20. Nc7 Nxc7 21. Rxc7 Rd7 22. Rxb7 Rxb7 23. Bxb7 Ra7 24. Be4 Rc7 25. Bxd3 Nd5 26. Bd2 Rd7 27. Bxa6 Nb4 28. Bc4 Bg5 29. a3 Rxd2 30. Rxd2 Bxd2 31. axb4 Bxb4 32. Kf1 g5 33. Ke2 Bc5 34. f3 Bd4 35. b4 Bxe5 36. b5 Kf8 37. b6 Ke7 38. b7 Kd7 39. Bd3 h6 40. g4 Kc7 41. Be4 f5 42. gxf5 exf5 43. Bd5 Bf4 44. Kd3 h5 45. Kd4 h4 46. Kc4 Kb8 47. Kc5 Bg3 48. Kc6 Bf4 49. Kd7 Bc1 50. Ke6 Bf4 51. Kxf5 Bc1 52. Ke4 Bf4 53. Kd3 Bc1 54. Kc2 Bf4 55. Kd1 Be3 56. Ke2 Bf4 57. Be4 Be5 58. Kd3 Bf4 59. Kc4 Bc1 60. Kd4 Bf4 61. Kd5 Bc1 62. Ke6 Bf4 63. Kf5 Bc1 64. Kg4 Bf4 65. Kh5 Bc1 66. Kg6 Bf4 67. Bc6 Bc1 68. Kf5 Bf4 69. Ke4 Bc1 70. Kd3 Bf4 71. Ke2 Bg3 72. Kd1 Bf4 73. Kc2 Bg3 74. Kd3 Bf4 75. Ke4 Bg3 76. Ke3 Bf4+ 77. Kd3 Kc7 78. Ke4 Kxc6 79. Kf5 Kxb7 80. Ke4 Kc6 81. Kd4 Kd6 82. Ke4 Kc5 83. Kd3 Kd5 84. Kc3 Be5+ 85. Kd3 Bd4 86. Ke2 Ke5 87. Kd3 Ba7 88. Ke2 Kf4 0-1